000 00417cam a22001337a 4500
008 180718b1965 xxu||||| |||| 00| 0 eng d
082 _aA81x54 In2/61/4/PT3/1
100 _aCensus of India 1961
245 _aBihar: household economic tables
260 _aDelhi
_bThe Manager of Publications
_c1965
300 _a517+p.
440 _aCensus of India 1961. Volume IV, Bihar. Part III (i)
500 _aTables B-X - B-XIV
999 _c484056
_d484056